000 00955nam a2200313Ia 4500
003 GCL
008 140319s9999 xx 000 0 ara d
020 _a9278281977
040 _aGCL /
_cGCL
082 0 4 _a759
_bف ا
100 1 _aفتحى العشرى
245 1 0 _aالوان العصر /
_cفتحى العشرى
250 _aالاولى
260 _aالقاهرة :
_bالمكتبة الاكاديمية ،
_c2006
300 _a77 ص ؛
_c24 سم
650 0 4 _aاللوحات الفنية
650 0 4 _aالرسامون - تراجم
650 0 4 _aبيكاسو، بابلو
650 0 4 _aالفنون التشكيلية - تراجم
650 0 4 _aبول ايلوار
650 0 4 _aبولى كلى
650 0 4 _aجورج براك
650 0 4 _aجان ارب
650 0 4 _aمارك شاجال
650 0 4 _aجيورجيو دى كيريكو
650 0 4 _aماكس ارنست
650 0 4 _aخوان ميرو
942 _2ddc
_cBK
999 _c9827
_d9827